Music Quiz

Random Music or Billboard Quiz

50 Hits to Click: 1998 Quiz Stats

 Plays Quiz Updated Apr 26, 2018

Challenge
Share
Tweet
Embed
Score 0/50 Timer 05:00
1 Play Today
% Correct
Jiggy
87.9%
One
87.2%
Miss
86.5%
Madly
83.8%
Boy
82.6%
Deep
81.4%
Back
81.4%
You
80.6%
Bitter
79.8%
Lights
78.1%
See
75.5%
Sun
75%
Ray
74.3%
Nice
68.8%
Thing
66.6%
Tearin'
65.8%
Candy
65.6%
Week
64.8%
Kiss
64.7%
Closing
64.6%
November
64.2%
Benjamins
62.8%
Mistake
54.1%
Cruel
54%
Thank
53.5%
% Correct
Money
53%
Want
45.7%
Make
44.7%
Much
43.2%
Father's
41.8%
Close
39.2%
Thinkin'
39.1%
Rain
37.2%
Mama
36.9%
Bumpin'
36.3%
Angel
35.9%
Turn
35.1%
Lonely
35%
Somebody
34.6%
Real
33.1%
Hook
31.1%
Friend
29.3%
Searchin'
28.1%
Secret
27.2%
Dance
22.8%
Ride
18.4%
Touch
17.8%
All
17.3%
Swing
16.4%
Say
13.5%

You're not logged in!

Compare scores with friends on all Sporcle quizzes.
Join for Free
OR
Log In

You Might Also Like...

Show Comments

Extras

Top Quizzes Today


Score Distribution

Your Account Isn't Verified!

In order to create a playlist on Sporcle, you need to verify the email address you used during registration. Go to your Sporcle Settings to finish the process.

Report this User

Report this user for behavior that violates our Community Guidelines.

Details: